000 00353nam a2200133Ia 4500
008 151021s9999 xx 000 0 und d
020 _a582331358
050 _aQD33.A832007
245 _a_Certificate Chemistry(4th ed.)
260 _aEgland Longman 2007
300 _aiv,363p;ill.
500 _aincludes index
980 _a^d20110118 09:45:48^okorir
999 _c6100
_d6100